000 00378nam a22001697a 4500
005 20160620092914.0
008 160620b xxu||||| |||| 00| 0 eng d
020 _a978-81-203-3842-7
041 _aeng
082 _b8326
100 _aKaul, Asha
_9282
245 _aBusiness Communication
260 _bPHI
_c2009
300 _a121
650 _aManagement
_9241
942 _cBK
999 _c3186
_d3185